| 000 | 00459 a2200145 4500 | ||
|---|---|---|---|
| 001 | 65241 | ||
| 082 | _a621.815 SHI | ||
| 100 | _aShigley, Joseph E. | Charles R. Mischke ; Richard | ||
| 245 |
_aMechanical engineering design, 7th ED _cJoseph E. Shigley |
||
| 250 | _a7 | ||
| 260 |
_aSingapore _bMcGraw-H _c2004 |
||
| 300 |
_axxiii, 1030 p. _borigional books [ n-2460- n-2499 ] |
||
| 500 | _aBE textbook Aerospace | ||
| 600 | _aCharles R. Mischke ; Richard | ||
| 942 |
_aNUST-CAE _k621.815 SHI |
||
| 999 |
_c300314 _d300314 |
||